L'Officiel 100 : one hundred people and ideas from a century in fashion /

Founded in 1921, the iconic French fashion magazine L'Officiel was designed for fashion designers, buyers, clothing manufacturers and agents. Within a short time, it helped start the careers of designers such as Pierre Balmain, Crist̤bal Balenciaga, Christian Dior and Yves St. Laurent. On the o...

Full description

Bibliographic Details
Main Author: Tonchi, Stefano (Author)
Format: Book
Language:English
Published: [Milan] : Venezia : Jalou Production Italia S.r.l. ; Marsilio, 2021.
Edition:First edition.
Subjects:

MARC

Tag First Indicator Second Indicator Subfields
LEADER 00000cam a2200000 i 4500
001 in00004596551
003 OCoLC
005 20221014154619.9
008 210903s2021 it a b 000 0 eng d
040 |a YDX  |e rda  |c YDX  |d COO  |d BDX 
020 |a 8829712809  |q hardcover 
020 |a 9788829712809  |q hardcover 
035 |a (OCoLC)1266642849 
050 4 |a GT500  |b .T66 2021 
082 0 |a 746.9205  |2 23 
100 1 |a Tonchi, Stefano,  |e author. 
245 1 2 |a L'Officiel 100 :  |b one hundred people and ideas from a century in fashion /  |c Stefano Tonchi. 
250 |a First edition. 
264 1 |a [Milan] :  |b Jalou Production Italia S.r.l. ;  |a Venezia :  |b Marsilio,  |c 2021. 
300 |a 367 pages :  |b chiefly color illustrations ;  |c 28 cm. 
336 |a text  |b txt  |2 rdacontent 
336 |a still image  |b sti  |2 rdacontent 
337 |a unmediated  |b n  |2 rdamedia 
338 |a volume  |b nc  |2 rdacarrier 
504 |a Includes bibliographical references. 
520 |a Founded in 1921, the iconic French fashion magazine L'Officiel was designed for fashion designers, buyers, clothing manufacturers and agents. Within a short time, it helped start the careers of designers such as Pierre Balmain, Crist̤bal Balenciaga, Christian Dior and Yves St. Laurent. On the occasion of L'Officiel's 100th anniversary, this superbly designed volume appraises the magazine's august history and the culture around it. With 1,000 illustrations, carefully selected from the magazine's invaluable archives, it offers an overview of the fashion industry and its history from Paul Poiret to Christian Dior, supermodels and "It Girls," also exploring Paris as a fashion capital. Among the themes explored by the authors are newness, globalism, artistry and "Frenchness." Through magazine covers, illustrations, design, photographs, advertising campaigns, iconic accessories, portraits and artworks, the reader will rediscover old celebrities and encounter a veritable tapestry of connections between eras. 
650 0 |a Fashion  |x Periodicals  |x History. 
650 0 |a Clothing and dress  |x History  |y 20th century. 
650 0 |a Fashion  |x History  |y 20th century. 
650 0 |a Popular culture. 
945 |b 449311 
947 |a A14851597840 
948 |a dmitchel 10/12/22 4.44.28 
980 |b print  |c 40031310023  |f NONFIC/B  |g 565714  |k USD  |m 76.95  |q 1  |s AcqMono Conventional  |t Approval plan  |u Vendor order reference number  |v ZYBP  |y Print approval  |z Physical resource 
999 f f |i 75467799-caae-4f22-80eb-9ec5059f04bc  |s 0ae3d54b-36ce-4116-9ccc-5a83af11e4c2  |t 0 
952 f f |p normal  |a Texas A&M University  |b College Station  |c Sterling C. Evans Library  |s Evans stk  |d Evans: Library Stacks  |t 0  |e GT500 .T66 2021  |h Library of Congress classification  |i unmediated -- volume  |m A14851597840